LEADER 03902nam a2200901 i 4500
001 nkc20193160181
003 CZ PrNK
005 20250710094636.0
007 ta
008 191119s2019 xr abehf 000 0deng
015 |a cnb003160181 
020 |a 978-80-904806-7-4  |q (brožováno) 
035 |a (OCoLC)1204254782 
040 |a OLA001  |b cze  |d ABA001  |e rda 
041 1 |a eng  |a cze  |h cze 
043 |a e-xr---  |a e-au---  |a ec-----  |a es----- 
045 |a w-x- 
072 7 |a 72  |x Architektura  |2 Konspekt  |9 21 
080 |a 72  |2 MRF 
080 |a 72.071.1  |2 MRF 
080 |a 72.012.1  |2 MRF 
080 |a 69.01/.03  |2 MRF 
080 |a 72.036/.038  |2 MRF 
080 |a (437.3)  |2 MRF 
080 |a (436)  |2 MRF 
080 |a (4-191.2)  |2 MRF 
080 |a (4-13)  |2 MRF 
080 |a (048.8:082)  |2 MRF 
080 |a (084.11)  |2 MRF 
100 1 |a Ambroz, Miroslav,  |d 1957-  |7 mzk2005286817  |4 aut 
245 1 0 |a Architect Carl Seidl =  |b Architekt Carl Seidl : 1858-1936 /  |c texts Miroslav Ambroz, Markéta Kamená, Marcel Kammerer, Jasenka Kranjčević, Petr Pelčák, Krzysztof Stefański, Berislav Valušek, Ivan Wahla, Pavel Zatloukal ; translation Kateřina Báňová 
246 3 1 |a Architekt Carl Seidl 
264 1 |a Brno :  |b Obecní dům Brno,  |c 2019 
300 |a 135 stran :  |b ilustrace (převážně barevné), mapy, plány, faksimile ;  |c 30 cm 
336 |a text  |b txt  |2 rdacontent 
336 |a statický obraz  |b sti  |2 rdacontent 
337 |a bez média  |b n  |2 rdamedia 
338 |a svazek  |b nc  |2 rdacarrier 
504 |a Obsahuje bibliografické odkazy 
546 |a Souběžný český text 
600 1 7 |a Seidl, Karl,  |d 1858-1936  |7 ola20201087777  |2 czenas 
648 7 |a 19.-20. století  |7 ch757015  |2 czenas 
648 4 |a 1858-1936 
650 0 7 |a architekti  |7 ph118582  |z Česko  |y 19.-20. století  |2 czenas 
650 0 7 |a architekti  |7 ph118582  |z Rakousko  |y 19.-20. století  |2 czenas 
650 0 7 |a architektura  |7 ph118586  |z Evropa střední  |y 19.-20. století  |2 czenas 
650 0 7 |a architektura  |7 ph118586  |z Evropa jižní  |y 19.-20. století  |2 czenas 
650 0 7 |a architektonické projekty  |7 ph137760  |y 19.-20. století  |2 czenas 
650 0 7 |a stavby  |7 ph116274  |y 19.-20. století  |2 czenas 
650 0 7 |a moderní architektura  |7 ph115339  |z Evropa střední  |2 czenas 
650 0 7 |a moderní architektura  |7 ph115339  |z Evropa jižní  |2 czenas 
650 0 9 |a architects  |z Czechia  |y 19th-20th centuries  |2 eczenas 
650 0 9 |a architects  |z Austria  |y 19th-20th centuries  |2 eczenas 
650 0 9 |a architecture  |z Europe, Central  |y 19th-20th centuries  |2 eczenas 
650 0 9 |a architecture  |z Europe, Southern  |y 19th-20th centuries  |2 eczenas 
650 0 9 |a architectural projects  |y 19th-20th centuries  |2 eczenas 
650 0 9 |a buildings  |y 19th-20th centuries  |2 eczenas 
650 0 9 |a modern architecture  |z Europe, Central  |2 eczenas 
650 0 9 |a modern architecture  |z Europe, Southern  |2 eczenas 
655 7 |a kolektivní monografie  |7 fd501537  |2 czenas 
655 7 |a obrazové publikace  |7 fd132947  |2 czenas 
655 9 |a collective monographs  |2 eczenas 
655 9 |a pictorial works  |2 eczenas 
700 1 |a Kamená, Markéta,  |d 1990-  |7 hka20201096486  |4 aut 
700 1 |a Kammerer, Marcel,  |d 1878-1959  |7 xx0089229  |4 aut 
700 1 |a Kranjčević, Jasenka  |7 mzk2017939468  |4 aut 
700 1 |a Pelčák, Petr,  |d 1963-  |7 xx0000514  |4 aut 
700 1 |a Stefański, Krzysztof,  |d 1955-  |7 xx0202635  |4 aut 
700 1 |a Valušek, Berislav,  |d 1954-  |7 js20191053166  |4 aut 
700 1 |a Wahla, Ivan,  |d 1963-  |7 mzk2002160576  |4 aut 
700 1 |a Zatloukal, Pavel,  |d 1948-  |7 jn99240001518  |4 aut 
700 1 |a Báňová, Kateřina  |7 pag2013797357  |4 trl 
910 2 |a BOA001  |b 4-1453.656 
990 |a BK 
995 |a 01 
991 |b 202010  |c NOV 
996 6 |b 2610840835  |c 4-1453.656  |l MZK  |r Sklad / do 1 hodiny  |n 0  |p p.v.  |w 001830416  |u 000010  |a 1  |e BOA001  |j MZK50  |s P 
996 7 |b 2610840836  |c 4-1453.656  |l MZK  |r Sklad / do 1 hodiny  |n 2  |p p.v.  |w 001830416  |u 000020  |a 1  |e BOA001  |j MZK50  |s A